01009nam a2200313 i 4500001000300000003000400003005001700007008003900024020001500063040000800078041001300086080000800099080001200107100003800119245006000157246002700217250001700244260004800261300003000309336002700339337005400366338002800420504003900448650001500487655003000502700003700532710002800569856009800597bgBPK20250328062813.0041025s2004 pl a |000 0 pol a8301142251 cBPK1 apolheng a316 a(075.8)1 aGiddens, Anthonyd(1938- )eAutor10aSocjologia /cAnthony Giddens ; tł. Alina Szulżycka.1 iTyt. oryg.:aSociology aWyd.1, dodr. aWarszawa :bWydawnictwo Naukowe PWN,c2004. a747 s. :bwykr. ;c24 cm. 2rdacontentaTekstbtxt 2rdamediaaBez urządzenia pośredniczącegobn 2rdacarrieraWoluminbnc aBibliogr. s. 702-717 i przy rozdz. 4aSocjologia 4aPodręczniki akademickie1 aSzulżycka, AlinaeTłumaczenie2 aWydawnictwo Naukowe PWN uhttp://koha.tu.koszalin.pl/cgi-bin/koha/opac-detail.pl?biblionumber=44894yKatalog online BPK